| 000 | 01751nam a2200337 a 4500 | ||
|---|---|---|---|
| 003 | DO-SdBNP | ||
| 005 | 20240216114020.0 | ||
| 008 | 130307s2009 dr 000 0 spa d | ||
| 020 | _a8489953236 | ||
| 040 |
_aDO-SdBNP _bspa _cBPMSU |
||
| 082 |
_a330.97293 _bS237n 1999 _222 |
||
| 100 | 1 | _aSantos Paulino, Amelia Uliafnova | |
| 245 | 1 | 0 |
_aNueva literatura económica dominicana : _bPremios de la Biblioteca "Juan Pablo Duarte" 1998 / _cAmelia Uliafnova, José R. Sánchez Fung, Rolando Reyes ; edición Ramón Pereyra |
| 260 |
_aSanto Domingo : _bBanco Central de la República Dominicana, _c1999 |
||
| 300 |
_a144 p. ; _c24 cm. |
||
| 490 | 0 | _aBanco Central de la República Dominicana | |
| 500 | _aIncluye referencias bibliográficas y notas al pie de las páginas | ||
| 505 | 0 |
_tInversión extranjera directa, comercio y crecimiento en la República Dominicana y América Latina / _rAmelia Uliafnova Santos Paulino -- _tNeutralidad monetaria : un análisis econométrico para el caso de la República Dominicana / _rJosé R. Sánchez Fung -- _tLa propiedad de interés y la determinación de la eficiencia de los mercados cambiarios / _rRolando Reyes. |
|
| 586 | _aPrimios de la Biblioteca "Juan Pablo Duarte" 1998 | ||
| 590 | _aInventariado, 2024/VM | ||
| 650 | 4 |
_aCambio exterior _zRepública Dominicana _v |
|
| 650 | 4 |
_aDesarrollo económico _zRepública Dominicana _v |
|
| 650 | 4 |
_aPolítica monetaria _zRepública Dominicana _v |
|
| 651 | 4 |
_aRepública Dominicana _xPolítica económica |
|
| 700 | 1 |
_aSánchez Fung, José R. _eautor |
|
| 700 | 1 |
_aReyes, Rolando _eautor |
|
| 700 | 1 |
_aPereyra, Ramón _eed. |
|
| 710 | 2 | _aBanco Central de la República Dominicana | |
| 910 | _aVMateo V. Control de calidad. BPMSU | ||
| 942 |
_2ddc _cBK |
||
| 999 |
_c14573 _d14573 |
||